[Event "JPN-ch 52nd"]
[Site "Tokyo"]
[Date "2019.04.30"]
[Round "3"]
[White "Otawa, Yuto"]
[Black "Matsumoto, Yoshitaro"]
[Result "1-0"]
[WhiteElo "2161"]
[BlackElo "1744"]
[PlyCount "45"]
[EventDate "2019.04.29"]
[EventType "swiss"]
[EventRounds "10"]
[EventCountry "JPN"]
[SourceTitle "CBM 190 Extra"]
[Source "ChessBase"]
[SourceDate "2019.07.15"]
[SourceVersion "1"]
[SourceVersionDate "2019.07.15"]
[SourceQuality "1"]

1. d4 e6 2. c4 f5 3. Nf3 Nf6 4. g3 Be7 5. Bg2 0-0 6. 0-0 d6 7. b3 Ne4 8. Bb2 b6 9. Nfd2 Bb7 10. f3 Nxd2 11. Qxd2 Nd7 12. Nc3 c6 13. e4 fxe4 14. fxe4 Bg5 15. Qe2 e5 16. d5 c5 17. Qg4 Rxf1+ 18. Rxf1 Nf8 19. Kh1 Bc8 20. Qf3 Qe7 21. Nb5 Bd7 22. Nxd6 Qxd6 23. Qf7+ 1-0

[Event "Tokyo Summer op"]
[Site "Tokyo"]
[Date "2018.07.15"]
[Round "2"]
[White "Kobayashi, Atsuhiko"]
[Black "Matsumoto, Yoshitaro"]
[Result "1/2-1/2"]
[WhiteElo "2258"]
[BlackElo "2036"]
[PlyCount "77"]
[EventDate "2018.07.15"]
[EventType "swiss"]
[EventRounds "6"]
[EventCountry "JPN"]
[SourceTitle "EXT 2019"]
[Source "ChessBase"]
[SourceDate "2018.10.10"]
[SourceVersion "1"]
[SourceVersionDate "2018.10.10"]
[SourceQuality "1"]

1. Nf3 c5 2. g3 b6 3. Bg2 Bb7 4. c4 Nf6 5. 0-0 e6 6. Nc3 Be7 7. Re1 d6 8. e4 a6 9. d4 cxd4 10. Nxd4 Qc7 11. Be3 Nbd7 12. Rc1 0-0 13. f4 Rac8 14. g4 Nc5 15. Bf2 g6 16. b4 Ncd7 17. g5 Nh5 18. Qg4 Nxf4 19. Qxf4 e5 20. Qd2 exd4 21. Nd5 Bxd5 22. cxd5 Qd8 23. Rxc8 Qxc8 24. h4 Qc3 25. Qxd4 Rc8 26. Qxc3 Rxc3 27. Re3 Rc1+ 28. Kh2 Rc2 29. Kg3 h6 30. Ra3 hxg5 31. hxg5 a5 32. bxa5 bxa5 33. Rxa5 Bxg5 34. Ra8+ Kg7 35. Bd4+ Bf6 36. Bxf6+ Kxf6 37. a4 Rc3+ 38. Kf2 Rc2+ 39. Kg3 1/2-1/2

[Event "JPN-ch"]
[Site "Tokyo"]
[Date "2018.04.29"]
[Round "1"]
[White "Matsumoto, Yoshitaro"]
[Black "Scott, Tyler"]
[Result "0-1"]
[WhiteElo "1742"]
[BlackElo "2089"]
[PlyCount "44"]
[EventDate "2018.04.29"]
[EventType "swiss"]
[EventRounds "11"]
[EventCountry "JPN"]
[SourceTitle "CBM 184 Extra"]
[Source "ChessBase"]
[SourceDate "2018.06.28"]
[SourceVersion "1"]
[SourceVersionDate "2018.06.28"]
[SourceQuality "1"]

1. d4 f5 2. h3 Nf6 3. g4 d5 4. g5 Ne4 5. Nf3 e6 6. Bg2 c5 7. c3 Nc6 8. Bf4 cxd4 9. cxd4 Bb4+ 10. Kf1 0-0 11. a3 Be7 12. h4 Qb6 13. Bc1 e5 14. Nc3 Nxc3 15. bxc3 e4 16. Ne5 f4 17. Nxc6 Qxc6 18. Qb3 f3 19. exf3 exf3 20. Bh3 Bxh3+ 21. Rxh3 Qe6 22. Rg3 Bd6 0-1